书目信息 |
| 题名: |
思与路
|
|
| 作者: | 齐扎拉 著 | |
| 分册: | ||
| 出版信息: | 北京 民族出版社 2003 |
|
| 页数: | 286页 | |
| 开本: | 21cm | |
| 丛书名: | ||
| 单 册: | ||
| 中图分类: | F127.7 | |
| 科图分类: | ||
| 主题词: | 藏族--民族地区--经济发展--西南地区 | |
| 电子资源: | ||
| ISBN: | 7-105-05443-3 | |
| 000 | 00740nam0 2200229 45 | |
| 001 | 002363786 | |
| 005 | 20050104162008.6 | |
| 010 | @a7-105-05443-3@dCNY20.00 | |
| 100 | @a20030926d2003 emky0chiy0110 ea | |
| 101 | 0 | @achi |
| 102 | @aCN@b110000 | |
| 105 | @ay z 000yy | |
| 200 | 1 | @a思与路@Asi yu lu@f齐扎拉著@FQi Zha La Zhu |
| 210 | @a北京@c民族出版社@d2003 | |
| 215 | @a286页@d21cm | |
| 300 | @a附录:牧人之子等 | |
| 330 | @a本书为藏族地区的地区经济可持续发展的研究文集,内容包括:藏区县域经济发展思路及对策,结构调整与环境保护,香格里拉保护与发展的探索及行动等。 | |
| 606 | 0 | @a藏族@x民族地区@x经济发展@y西南地区 |
| 690 | @aF127.7@v4 | |
| 701 | 0 | @a齐扎拉@4著 |
| 801 | 0 | @aCN@bNLC@c20031222 |
| 905 | @b341276-278@dF127.7@e54@f3 | |
| 思与路/齐扎拉著.-北京:民族出版社,2003 |
| 286页;21cm |
| 附录:牧人之子等 |
| ISBN 7-105-05443-3:CNY20.00 |
| 本书为藏族地区的地区经济可持续发展的研究文集,内容包括:藏区县域经济发展思路及对策,结构调整与环境保护,香格里拉保护与发展的探索及行动等。 |
| ● |
| 相关链接 |
|
|
|
|
正题名:思与路
索取号:F127.7/54
 
预约/预借
| 序号 | 登录号 | 条形码 | 馆藏地/架位号 | 状态 | 备注 |
| 1 | 0341276 | 203412761 | 第一样本阅览室/ [索取号:F127.7/54] | 在馆 | |
| 2 | 0341277 | 203412770 | 第一借阅区/ [索取号:F127.7/54] | 在馆 | |
| 3 | 0341278 | 203412789 | 第一借阅区/ [索取号:F127.7/54] | 在馆 |